| 000 | 00362nam a22001457a 4500 | ||
|---|---|---|---|
| 999 |
_c8044 _d8044 |
||
| 003 | OSt | ||
| 005 | 20200626153225.0 | ||
| 008 | 200626b ||||| |||| 00| 0 eng d | ||
| 020 | _a9789881507129 | ||
| 082 |
_a728.5 _bYUJ |
||
| 100 | _aYu, James | ||
| 245 | _aHotel proposals | ||
| 260 |
_aHong Kong _bDesign Media Publishing Ltd; Sew edition _c 2014 |
||
| 942 | _2ddc | ||